01004nas a2200241Ia 4500001001100000003000900011008004100020040001300061040001300074041001300087100003800100210002100138222002100159245009700180250001100277260003600288501008600324300001000410310001200420362003400432500026000466650003600726R022/43045IT-RoPAU151124c99999999xx |||||||||||| ||und|| aIT-RoPAU cIT-RoPAU aITALIANO aAA.VV. gCodice Aut. SPICS: 12000 aINFORMAZIONI MCS aInformazioni Mcs aINFORMAZIONI MCS, ANNO 22-N.08 (OTTOBRE 1979)bInformazioni Mcs, Anno 22-N.08 (Ottobre 1979) a1a ed. aVICENZAbINFORMAZIONI MCSc1979 bPaulus - SPICS - Società San Paolo EM (non-commercial uses only)cCopyright2015 a32 p. aMENSILE aANNO 022, N.08 (OTTOBRE 1979) aNoi e L'Inflazione di Comunicazione Sociale. Schede Critiche dei Film: L'Uomo di Marmo, Morti Sospette, Letti Selvaggi, il Gatto e il Canarino, Lo Specchio, Atsalut Pader, Fedora, Ferdinando il Duro, Caravans, Hardcore, 1855: la Prima Grande Rapina al Tre aCINEMAvPUBBLICAZIONE PERIODICA